Представление документа в формате RUSMARC

ПолеНазваниеЗначение
  Тип записи a
  Библиографический уровень m
001 Контрольный номер RU/IS/BASE/241524424
005 Дата корректировки 20210412073126.1
010 Индекс ISBN __
a ISBN 966-696-587-9
d Цена 64-79
101 Язык документа 0_
a Язык текста rus
200 Заглавие и сведения об ответственности 1_
a Заглавие Путь к успеху и здоровью
e Сведения, относящиеся к заглавию поиски, ошибки, открытия
f Первые сведения об ответственности Г. П. Малахов, Т. М. Мороз
210 Выходные данные 1_
a Место издания Донецк
c Издательство Генеша
c Издательство Сталкер
d Дата издания 2005
215 Физическое описание __
a Объем 349, [3] с.
318 Примечание о действии __
a Действие п
330 Аннотация __
a Аннотация Как известный автор шел к своей цели, как создавал свою уникальную программу самооздоровления, в чем ошибался и чему научился, вы узнаете из этой книги. Приведены также лучшие оздоровительные методики Г.П. Малахова, которые помогут каждому скорректировать собственную программу самооздоровления, добиться ее наибольшей эффективности.
606 Тематические рубрики __
a Основная рубрика медицина
608 Указатель предметных рубрик __
a Жанр/форма научно-популярное издание
610 Ключевые слова 0_
a Ключевые слова медицина народная
a Ключевые слова методика оздоровления
686 Индексы других классификаций __
a Индекс ББК 53.59
700 Автор _1
a Фамилия Малахов
b Имя Г. П.
g Полное личное имя Геннадий Петрович
701 Альтернативная интеллектуальная ответственность (другие авторы) _1
a Фамилия Мороз
b Имя Т. М.
801 Источник записи _0
a Страна RU
b Организация ЦРБ, Белый Яр
g Правила каталогизации PSBO
801 Источник записи _1
a Страна RU
b Организация ЦРБ, Белый Яр
g Правила каталогизации PSBO
852 Данные о местонахождении __
j Шифр хранения 53.59
i Авторский знак М 181
p Инвентарный номер 72486
b Сигла хранения ООЧ; 9; 12; 16; 18; 22; 24; 26; 29
901 Тип документа __
t Тип документа m
905 Дата создания БЗ __
a Дата создания БЗ 2007.08.27
990 Данные о заказе (DOS) __
j Количество экземпляров (DOS) 9
h N записи в КСУ для Б/У (DOS) 2007-5